000 00939nas a22001937a 4500
005 20140326164846.0
006 a|||||r|||| 00| 0
007 ta
008 140326b xxu||||| |||| 00| 0 eng d
245 _aEkal prayas एकल प्रयास :
_ba family magazine with social concern सामाजिक सरोकार की पारिवारिक पत्रिका /
_cedited by Ajay Singh
246 _aएकल प्रयास :
_bसामाजिक सरोकार की पारिवारिक पत्रिका
260 _aNew Delhi
_bAjay Singh, Ekal Sansthan,
_c2013
300 _av.
_c24 cm (Pbk)
310 _aquarterly
700 _aAjay Singh, Ed.
856 _uhttp://ekalprayas.org/
270 _aIst Floor, Plot No 8, Universal chambers, DDA shopping complex, Okhla Industrial Area-II
_bNew Delhi
_e110020
_k40503331
_mekalprayas@gmail.com
_zekalprayas.org
942 _2ddc
_cSR
_s1
999 _c83180
_d83180